Kỹ thuật bảo quản mận tam hoa

Kaydedildi:
Detaylı Bibliyografya
Yazar: Trần Thị Mai
Materyal Türü: Kitap
Dil:Undetermined
Baskı/Yayın Bilgisi: Tp. HCM Nông Nghiệp 2001
Konular:
Etiketler: Etiketle
Etiket eklenmemiş, İlk siz ekleyin!
Thư viện lưu trữ: Trung tâm Học liệu Trường Đại học Cần Thơ
LEADER 00526nam a2200193Ia 4500
001 CTU_57114
008 210402s9999 xx 000 0 und d
020 |b 5000 
082 |a 664.80422 
082 |b M103 
100 |a Trần Thị Mai 
245 0 |a Kỹ thuật bảo quản mận tam hoa 
245 0 |c Trần Thị Mai 
260 |a Tp. HCM 
260 |b Nông Nghiệp 
260 |c 2001 
650 |a fruit,plum industry 
650 |x preservation 
980 |a Trung tâm Học liệu Trường Đại học Cần Thơ